Statistics for 20 tallest pokemon

Click here to take the quiz!

General Stats

  • This quiz has been taken 18 times
  • The average score is 8 of 20

Answer Stats

HintAnswer% Correct
4Exeggutor
83%
5Steelix
83%
2Wailord
83%
1Eternatus
67%
10Rayquaza
67%
6Celesteela
50%
3Dondozo
50%
11Giratina
50%
16Guzzlord
50%
18Dialga
33%
19Lugia
33%
17Stakataka
33%
13Hoopa
17%
14Milotic
17%
9Necrozma
17%
7Onyx
17%
15Yveltal
17%
20Zygarde
17%
12Gyarados
0%
8Wishiwashi
0%

Score Distribution

Percentile by Number Answered

Percent of People with Each Score

Your Score History

You have not taken this quiz